Menové a fiškálne stimuly pre akciový trh diplomová práca

Uložené v:
Podrobná bibliografia
Hlavný autor: Horská, Lucia
Korporativný autor: Národohospodárska fakulta EU. Katedra bankovníctva a medzinárodných financií
Ďalší autori: Chovancová, Božena
Médium: Kniha
Jazyk:Slovak
Vydavateľské údaje: Bratislava 2012
Tagy: Pridať tag
Žiadne tagy, Buďte prvý, kto otaguje tento záznam!

MARC

LEADER 00000nbm a2200000 4500
001 0153418
005 20161109102112.0
041 0 |a slo 
044 |a SK 
245 1 0 |a Menové a fiškálne stimuly pre akciový trh  |b diplomová práca  |c Lucia Horská ; školiteľ: Božena Chovancová 
264 1 |a Bratislava  |c 2012 
300 |a 82 s. 
100 1 |a Horská, Lucia 
700 1 |a Chovancová, Božena 
710 2 |a Národohospodárska fakulta EU. Katedra bankovníctva a medzinárodných financií